Write to learn
Spremljeno u:
| Glavni autor: | |
|---|---|
| Format: | Knjiga |
| Jezik: | Undetermined |
| Izdano: |
Orlando, Florida
Holt, Rinehart and Winston
1990
|
| Teme: | |
| Oznake: |
Dodaj oznaku
Bez oznaka, Budi prvi tko označuje ovaj zapis!
|
| Thư viện lưu trữ: | Trung tâm Học liệu Trường Đại học Cần Thơ |
|---|
| LEADER | 00492nam a2200169Ia 4500 | ||
|---|---|---|---|
| 001 | CTU_43259 | ||
| 008 | 210402s9999 xx 000 0 und d | ||
| 082 | |a 808.042 | ||
| 082 | |b M981 | ||
| 100 | |a Donald M Murray | ||
| 245 | 0 | |a Write to learn | |
| 245 | 0 | |c Donald M Murray | |
| 260 | |a Orlando, Florida | ||
| 260 | |b Holt, Rinehart and Winston | ||
| 260 | |c 1990 | ||
| 650 | |a english language - rhetoric,english language - writing | ||
| 980 | |a Trung tâm Học liệu Trường Đại học Cần Thơ | ||